Siglo III a.C. - Estadísticas

Estadísticas generales
  • Esta prueba ha sido intentada 14 veces
  • La puntuación promedio es 14 de 24
Estadísticas de respuestas
Año Descripción Respuesta % Correcto
218 a.C. Aníbal cruza los Alpes con un ejército compuesto por estos animales africanos. Elefantes
100%
250 a.C. El personaje de la respuesta anterior grita esta palabra al descubrir el principio fundamental de la hidrostática, estando en una bañera. ¡Eureka!
100%
264 a.C. - 146 a.C. Los cartagineses y los romanos se enfrentan en tres guerras llamadas... Guerras Púnicas
100%
509 a.C. - 27 a.C. Durante este siglo, Roma sigue teniendo esta forma de gobierno. República
100%
287 a.C. - 212 a.C. Matemático, físico e inventor griego conocido como uno de los científicos más grandes de la antigüedad. Arquímedes
91%
300 a.C. - 201 a.C. En este siglo se construye este importante edificio en la ciudad de Alejandría. Biblioteca de Alejandría
91%
221 a.C. - 206 a.C. También empieza la construcción de la primera versión de este gran monumento en China. Gran Muralla
91%
218 a.C. Los romanos se establecen por primera vez en la península ibérica, llamando esta región... Hispania
91%
300 a.C. - 201 a.C. Dime alguna isla que conquistó Roma durante este siglo. Sicília, Córcega, Cerdeña
91%
249 a.C. - 209 a.C. El emperador chino manda la construcción de estas esculturas. Guerreros de terracota
73%
300 a.C. - 201 a.C. Durante este siglo se propone por primera vez que la Tierra gira alrededor del Sol, teoría llamada... Heliocentrismo
73%
300 a.C. - 201 a.C. Se desarrolla la cultura Yayoi en este país. Japón
64%
236 a.C. - 183 a.C. ¿Cuál es el mote de Escipión, el general romano que ganó la segunda guerra de la respuesta anterior? Africano
55%
279 a.C. "Otra victoria como ésta y estaré perdido" - Dijó Pirro de Epiro al ganar una batalla contra los romanos, pero con grandes costos. Acuñando este hecho como obtener una "victoria ..." Pírrica
55%
250 a.C. Apolonio de Rodas publica este poema épico basado en las aventuras de Jasón y otros héroes griegos en la nave llamada Argo. Los Argonautas
45%
300 a.C. - 201 a.C. Esta ciudad del noroeste de Turquia se convierte en un importante centro cultural. Pérgamo
27%
240 a.C. Aproximadamente en esta fecha, el astrónomo griego Eratóstenes demostró que la Tierra era esférica midiendo el ángulo de sombra producido por un... Pozo, Obelisco
27%
221 a.C. ¿Qué dinastía china se forma tras la unificación? Dinastía Qin
18%
300 a.C. - 201 a.C. Probablemente, durante este siglo se escribieron estos textos épicos, considerados los más importantes del hinduismo. Mahabharata, Ramayana
18%
221 a.C. Esta persona unifica la China y se convierte en su primer emperador Qin Shi Huang
18%
261 a.C. Tras terminar una sangrienta guerra, este gran emperador mauria se convierte al budismo. Aśoka
9%
300 a.C. A principios de siglo, Euclides publica esta obra, que se convierte en el libro fundamental de matemáticas y geometría durante más de 2.000 años. Elementos
9%
270 a.C. Muere este filósofo griego que enfocó sus enseñanzas a la felicidad y el placer. Epicuro
9%
254 a.C. Nace en Sarsina uno de los comediógrafos romanos más aclamados. Plauto
9%
No se encontraron pruebas coincidentes
Distribución de puntuación
Porcentaje de gente con cada puntuación
Porcentaje por número respondido
Historial de tus puntuaciones
No has intentado esta prueba.